000 00519nam a2200181Ia 4500
008 090123s9999 xx 000 0 und d
082 _b16922
100 _aबागुल चारुदत्त
245 _aखंडणी
250 _a1
260 _bमुक्ता प्रकाशन
_c1989
300 _a131
600 _aबागुल चारुदत्त
630 _aखंडणी
700 _aबागुल चारुदत्त
730 _aखंडणी
942 _cBOOK
999 _c54982
_d54982